000 00757cab a2200217 4500
001 WB2723-46
008 090401t1991 xxu||||| |||| 00| 0 eng d
035 _a(Sirsi) u8570
041 _aeng
245 _aFirst privately financed road
260 _c1991
350 _a0
490 _aDepartment of Transport Press Notice
_v(163) 11 June 1991 (2)
520 _aWork on the final section connecting the two sides of the Dartford bridge , the first privately-financed road is nearing completion. The tightening of the bolt ceremony was carried out by the SOS for Transport on 11 June 1991.
650 _aINVESTMENT
650 _aPRIVATE SECTOR
650 _aTOLL ROAD
690 _aTRANSPORT AND COMMUNICATIONS
942 _n0
948 _c04/03/1997
999 _c5300
_d5300